A. WESLEY POWELL LEARNING RESOURCE CENTRE (WPLRC)

Wonderful Place to Learn, Research & Collaborate

A Cry For Character (Record no. 15363)

MARC details
000 -LEADER
fixed length control field 00546nam a2200181 4500
001 - ACCESSION NUMBER
control field 35511
003 - CONTROL NUMBER IDENTIFIER
control field 00
005 - DATE AND TIME OF LATEST TRANSACTION
control field 20220829164815.0
007 - PHYSICAL DESCRIPTION FIXED FIELD--GENERAL INFORMATION
fixed length control field 00
008 - FIXED-LENGTH DATA ELEMENTS--GENERAL INFORMATION
fixed length control field 00
020 ## - INTERNATIONAL STANDARD BOOK NUMBER
International Standard Book Number 0-7352-0272-9
040 ## - CATALOGING SOURCE
Transcribing agency 00
050 ## - LIBRARY OF CONGRESS CALL NUMBER
Classification number 370.11'4
Item number 35511
245 ## - TITLE STATEMENT
Title A Cry For Character
Remainder of title How A Group Of Students Cleaned Up Their Rowdy School And Spawned A Wildfire Antidote To The Columbine Effect
Statement of responsibility, etc. Matera, Dary
260 ## - PUBLICATION, DISTRIBUTION, ETC. (IMPRINT)
Place of publication, distribution, etc. Paramus
Name of publisher, distributor, etc. Prentice Hall Press
Date of publication, distribution, etc. 2001
300 ## - PHYSICAL DESCRIPTION
Extent 23.5cm
942 ## - ADDED ENTRY ELEMENTS (KOHA)
Source of classification or shelving scheme Dewey Decimal Classification
Koha item type Circ Books
Classification part 370311'4/MAT
Item part 35511
Holdings
Withdrawn status Lost status Source of classification or shelving scheme Damaged status Not for loan Home library Current library Date acquired Total Checkouts Full call number Barcode Date last seen Price effective from Koha item type
    Dewey Decimal Classification     Wesley Powell Learning Resource Centre Wesley Powell Learning Resource Centre 01/21/2021   370.11'4 MAT 35510 01/21/2021 01/21/2021 Circ Books
    Dewey Decimal Classification     Wesley Powell Learning Resource Centre Wesley Powell Learning Resource Centre 01/21/2021   370.11'4 MAT 35509 01/21/2021 01/21/2021 Circ Books
    Dewey Decimal Classification     Wesley Powell Learning Resource Centre Wesley Powell Learning Resource Centre 01/21/2021   370.11'4 MAT 35511 01/21/2021 01/21/2021 Circ Books